00289nam a2200121Ia 4500008004100000082001400041100001800055245003100073250000800104260002700112300000800139650002000147150301s2014 xx 000 0 und d a420bE14S aSHARMA, MEENA aGENERAL ENGLISH FOR NURSES a1ST bKPH DELHIaDELHIc2014 a207 aGENERAL ENGLISH